000 00862cam a2200289u 4500
999 _c174315
_d174315
001 5982743
003 Nust
005 20180724055621.0
008 821208s1942 nyu 000 0 eng
010 _a 42023228
020 _a0-00-617269-5
_cRs. 260
020 _a0-00-617269-5
038 _aArshad
040 _aDLC
_cCarP
_dDLC
050 0 0 _aPZ3.C4637
_bMg
_aPR6005.H66
082 0 0 _a823.912
_bCHR
100 1 _aChristie, Agatha,
_d1890-1976.
_92976
245 1 4 _aThe moving finger.
260 _aNew York,
_bDodd, Mead & company,
_c1942.
300 _a319 p.
_c21 cm.
650 0 _aMarple, Jane (Fictitious character)
_xFiction.
_911899
650 0 _aWomen detectives
_zEngland
_xFiction.
_911900
655 7 _aDetective and mystery stories.
_2gsafd
_92977
906 _a0
_bcbc
_cpremunv
_du
_encip
_f19
_gy-gencatlg
942 _2ddc
_cBK